• 首页
  • 本馆介绍
  • 公告通知
  • 最新文献
  • 馆藏检索
  • 电子资源
  • 读者导购
  • 参考咨询
  • 我的图书馆
  • 登录
  • 详细信息显示
  • 放入我的书架
  • 预约/预借图书
  • 作者相关作品
  • 分类相关作品
  • 丛书相关作品
  • 出版社相关作品

书目信息

  • 表格格式
  • 工作单格式
  • 卡片格式
题名:
邓小平人才人事理论学习纲要
    
 
作者: ;人事部 编
分册:  
出版信息: 北京   人民出版社  1997
页数: 86页
开本: 20cm
丛书名:
单 册:
中图分类: C96 , D2-0
科图分类: 38.103
主题词: 人事管理-邓小平--学习参考资料 , 人才学-邓小平--学习参考资料
电子资源:
ISBN: 7-01-002722-6
000 00794nam0 2200265 45
001 0198025921
005 20070725084711.17
010    @a7-01-002722-6@dCNY4.40
100    @a19980505d1997 em y0chiy0121 ea
101 0  @achi
102    @aCN@b110000
105    @ay z 000yy
200 10 @a邓小平人才人事理论学习纲要@Adeng xiao ping ren cai ren shi li lun xue xi gang yao@f中华人民共和国人事部编
210    @a北京@c人民出版社@d1997
215    @a86页@d20cm
600  0 @a邓小平-人事管理@x学习参考资料
600  0 @a邓小平-人才学@x学习参考资料
606    @a人事管理-邓小平@x学习参考资料
606    @a人才学-邓小平@x学习参考资料
690    @aC96@v3
690    @aD2-0@v3
692    @a38.103@v2
711 02 @a人事部@Aren shi bu@4编
801  0 @aCN@bTSSF@c20070725
905    @a10447@dC96@e54
    
    邓小平人才人事理论学习纲要/中华人民共和国人事部编.-北京:人民出版社,1997
    86页;20cm
    
    
    ISBN 7-01-002722-6:CNY4.40
    
●
相关链接 在E读中查询图书 在五车中查询图书 在当当中查询图书 在豆瓣中查询图书


正题名:邓小平人才人事理论学习纲要     索取号:C96/54         预约/预借

序号 登录号 条形码 馆藏地/架位号 状态 备注
1 0769385   207693851   第一样本阅览室/ [索取号:C96/54] 在馆    
唐山师范学院图书馆 欢迎您!
大连网信软件有限公司© 版权所有